DISC識人溝通學 跟誰都能合得來的人際經營術 (Record no. 6955)
[ view plain ]
| 000 -記錄標示(系統產生) | |
|---|---|
| fixed length control field | 00919cam2a2200289 4500 |
| 020 ## - ISBN | |
| ISBN | 9789862894590 |
| 價格 | 360 |
| 100 ## - 主要款目 | |
| 第一作者姓名 | 蔡緯昱 |
| 245 ## - 書籍基本資料 | |
| 書名 | DISC識人溝通學 跟誰都能合得來的人際經營術 |
| 作者名稱 | 蔡緯昱 |
| 250 ## - 書籍版本資料 | |
| 書籍版本 | 初版 |
| 260 1# - 書籍出版資料 | |
| 出版地 | 台北市 |
| 出版年 | 2019.04 |
| 942 ## - 其他項目(KOHA) | |
| 分類法來源 | 中文圖書分類法 |
| 館藏類型設定 | 一般圖書 |
| 撤銷狀態 | 遺失狀態 | 分類號來源 | 損壞狀態 | 不外借 | 永久館藏地 | 現在館藏地 | 書架位置 | 採購日期 | 所有借閱數 | Total Renewals | 完整索書號 | 條碼號 | 最後一次日期記錄 | 最後借出日期 | 一般價格有效日期 | Koha館藏類型 | 公開資訊 |
|---|---|---|---|---|---|---|---|---|---|---|---|---|---|---|---|---|---|
| 未註銷館藏 | 未遺失 | 中文圖書分類法 | 未損毀 | 可外借 | 怡仁綜合醫院圖書館 | 怡仁綜合醫院圖書館 | 2019-07-23 | 11 | 5 | 494.35 | C02551 | 2023-03-28 | 2023-03-01 | 2019-07-23 | 一般圖書 | 溝通不先看個性,很容易出人命! 掌握DISC四型性格密碼,精準溝通來自看穿對方個性。 讓你看對人、說對話、辦對事。 交到好友、深受歡迎、人際滿分。 社交不卡關、溝通不衝突。 跟誰都能合得來。 |